[Event "DEM U12"]
[Site "Willingen"]
[Date "2006.06.03"]
[Round "1.23"]
[White "Mons, Leon"]
[Black "Zimmerer, Leah"]
[Result "1-0"]
[WhiteElo "1588"]
[BlackElo "1291"]
[PlyCount "107"]
[EventDate "2006.??.??"]
[EventType "swiss"]
[EventRounds "11"]
[EventCountry "GER"]

1. e4 c5 2. Nf3 Nc6 3. d4 cxd4 4. Nxd4 Nf6 5. Nc3 e5 6. Ndb5 d6 7. Bg5 a6 8.
Na3 b5 9. Nd5 Be7 10. Bxf6 Bxf6 11. c3 O-O 12. Nc2 Bg5 13. a4 bxa4 14. Rxa4 Kh8
15. Bd3 Bb7 16. O-O Ne7 17. Bc4 f5 18. f3 Ng6 19. g3 f4 20. Qe2 Qc8 21. Kg2
fxg3 22. hxg3 Bd8 23. Rh1 a5 24. Raa1 Ba6 25. Bxa6 Rxa6 26. Rh2 Ne7 27. Nce3
Nxd5 28. Nxd5 Bg5 29. Rah1 Bh6 30. Ne3 Rb6 31. Nd5 Rb3 32. Ne3 Qb7 33. Nd1 Rb8
34. Qc2 a4 35. Kg1 Qb6+ 36. Kf1 Qa6+ 37. Qe2 Qxe2+ 38. Kxe2 a3 39. bxa3 Rxa3
40. Kd3 Rc8 41. g4 Kg8 42. Rh5 Bf4 43. Rxh7 Bh6 44. R7xh6 gxh6 45. Rxh6 Rd8 46.
Ne3 Kg7 47. Nf5+ Kg8 48. g5 Rc8 49. Ne7+ Kg7 50. Nxc8 Ra1 51. Nxd6 Rf1 52. Ke2
Rg1 53. Nf5+ Kg8 54. g6 1-0

[Event "DEM U12"]
[Site "Willingen"]
[Date "2006.06.03"]
[Round "1.24"]
[White "Düssler, Stefanie"]
[Black "Petkidis, Anthony"]
[Result "0-1"]
[WhiteElo "1289"]
[BlackElo "1585"]
[PlyCount "55"]
[EventDate "2006.??.??"]
[EventType "swiss"]
[EventRounds "11"]
[EventCountry "GER"]

1. e4 c5 2. Nf3 Nc6 3. d4 cxd4 4. Nxd4 Nf6 5. Nc3 e6 6. Be3 Bb4 7. Bd3 d5 8.
Nxc6 bxc6 9. Bg5 Qa5 10. Bxf6 gxf6 11. Qd2 d4 12. O-O dxc3 13. Qc1 cxb2 14.
Qxb2 Bc3 15. Qc1 Bxa1 16. Qxa1 Qe5 17. Qe1 Rb8 18. Qd2 O-O 19. Re1 c5 20. c4
Rb2 21. Qh6 Qg5 22. Qh3 e5 23. Qf3 Rd8 24. h3 Qh4 25. Re3 Qf4 26. Qxf4 exf4 27.
Rf3 Rxa2 28. Rxf4 0-1

[Event "DEM U12"]
[Site "Willingen"]
[Date "2006.06.03"]
[Round "1.25"]
[White "Schulz, Anja"]
[Black "Rozenfeld, Elisabeth"]
[Result "1-0"]
[WhiteElo "1585"]
[BlackElo "1271"]
[PlyCount "59"]
[EventDate "2006.??.??"]
[EventType "swiss"]
[EventRounds "11"]
[EventCountry "GER"]

1. e4 e5 2. Nf3 Nf6 3. Nxe5 d6 4. Nf3 Nxe4 5. d4 d5 6. Bd3 Bg4 7. O-O Nc6 8. c4
f5 9. Re1 Bb4 10. Nc3 O-O 11. Qb3 Nf6 12. cxd5 Bxf3 13. dxc6+ Bd5 14. Qxb4 Bxc6
15. Bf4 Nh5 16. Be5 Qg5 17. d5 Bd7 18. f4 Qg6 19. Bxc7 b6 20. Re7 Rf7 21. Rae1
Rxe7 22. Rxe7 Nf6 23. Bb5 Bc8 24. Bc6 a5 25. Qd6 Bd7 26. Bxa8 Be8 27. Qd8 h6
28. Bc6 Qg4 29. Bxe8 Kh7 30. Bf7 1-0

[Event "DEM U12"]
[Site "Willingen"]
[Date "2006.06.03"]
[Round "1.26"]
[White "Dauer, Maximilian"]
[Black "Lebek, Ricarda"]
[Result "1-0"]
[WhiteElo "1260"]
[BlackElo "1577"]
[PlyCount "91"]
[EventDate "2006.??.??"]
[EventType "swiss"]
[EventRounds "11"]
[EventCountry "GER"]

1. e4 c5 2. Nc3 d6 3. g3 Nc6 4. Bg2 g6 5. f4 Bg7 6. Nf3 e6 7. O-O Nge7 8. d3
O-O 9. g4 f5 10. h3 Rb8 11. Ne2 Nd4 12. Ng3 b5 13. c3 Nxf3+ 14. Qxf3 a5 15. h4
b4 16. Bd2 a4 17. Rac1 Qa5 18. Rf2 a3 19. cxb4 cxb4 20. b3 Ba6 21. gxf5 exf5
22. exf5 gxf5 23. Re2 Rf7 24. Re6 Bb7 25. Qe2 Bxg2 26. Kxg2 Qd5+ 27. Kh2 Ng6
28. Kh3 Bf6 29. h5 Re7 30. Rxe7 Nxe7 31. Rc4 Nc6 32. Qg2 Qxg2+ 33. Kxg2 Nd4 34.
Rxb4 Rc8 35. Rc4 Rxc4 36. dxc4 Be7 37. Bc3 Ne6 38. Nxf5 Nxf4+ 39. Kf3 Bg5 40.
Bd2 Ne6 41. Bxg5 Nxg5+ 42. Kf4 Nf7 43. b4 Kf8 44. Ke4 Ke8 45. Kd5 Kd7 46. b5
1-0

[Event "DEM U12"]
[Site "Willingen"]
[Date "2006.06.03"]
[Round "1.27"]
[White "Pauly, Carlo"]
[Black "Weißenburg, Isabel"]
[Result "1-0"]
[WhiteElo "1577"]
[BlackElo "1255"]
[PlyCount "89"]
[EventDate "2006.??.??"]
[EventType "swiss"]
[EventRounds "11"]
[EventCountry "GER"]

1. c4 e6 2. d4 d5 3. Nc3 Nf6 4. Bg5 Be7 5. Nf3 O-O 6. e3 Re8 7. cxd5 exd5 8.
Bd3 c6 9. Qc2 Nbd7 10. O-O a5 11. a3 b5 12. Na2 Ba6 13. b4 Bb7 14. Rfc1 Ne4 15.
Bxe7 Qxe7 16. Nd2 Ndf6 17. Nxe4 Nxe4 18. Bxe4 dxe4 19. Rab1 Rec8 20. Rd1 Qe6
21. Nc1 axb4 22. axb4 Rd8 23. Nb3 f5 24. Nc5 Qf7 25. Ra1 Rdb8 26. h3 Bc8 27.
Nb3 Bd7 28. Na5 h6 29. Ra3 Qe6 30. Rda1 Qd6 31. Qb2 Be6 32. Qc3 Bd5 33. Nb3
Rxa3 34. Rxa3 Bxb3 35. Qxb3+ Kh7 36. Ra7 Rf8 37. Qc3 Rc8 38. d5 Rc7 39. Rxc7
Qxc7 40. Qxc6 Qa7 41. Qe6 Qa1+ 42. Kh2 Qf1 43. Qxf5+ Kh8 44. d6 Qe1 45. Qc8+
1-0

[Event "DEM U12"]
[Site "Willingen"]
[Date "2006.06.03"]
[Round "1.28"]
[White "Chernova, Margarita"]
[Black "Kreiter, Thomas"]
[Result "1/2-1/2"]
[WhiteElo "1248"]
[BlackElo "1561"]
[PlyCount "117"]
[EventDate "2006.??.??"]
[EventType "swiss"]
[EventRounds "11"]
[EventCountry "GER"]

1. e4 c5 2. Nf3 d6 3. d4 cxd4 4. Qxd4 Nc6 5. Bb5 Bd7 6. Bxc6 Bxc6 7. Nc3 Nf6 8.
Bg5 e5 9. Qd3 Be7 10. O-O-O a6 11. Qc4 Qb6 12. Be3 Qc7 13. Nd5 Qa5 14. Bd2 Bxd5
15. exd5 Qxd5 16. Qxd5 Nxd5 17. Ba5 Nf6 18. Bc7 Ne4 19. Rhf1 Rc8 20. Bb6 Rc6
21. Be3 O-O 22. Rd3 Rfc8 23. c3 Bd8 24. Rfd1 f6 25. Nh4 Bb6 26. Nf5 Kf7 27.
Nxd6+ Nxd6 28. Rxd6 Bxe3+ 29. fxe3 Rxd6 30. Rxd6 Ke7 31. Rd3 Rc6 32. b3 g6 33.
Kd2 f5 34. c4 b5 35. cxb5 axb5 36. Rd5 Ra6 37. Rxe5+ Kd6 38. Rxb5 Rxa2+ 39. Kd3
Rxg2 40. h4 h5 41. Rb6+ Kc5 42. Ra6 Kb5 43. Ra4 g5 44. hxg5 Rxg5 45. Rh4 Kc5
46. Ke2 Rg2+ 47. Kf3 Rb2 48. Rxh5 Rxb3 49. Rxf5+ Kd6 50. Kf4 Rb1 51. e4 Rf1+
52. Kg5 Re1 53. Kf4 Rf1+ 54. Kg4 Re1 55. Rf4 Ke5 56. Rf8 Rxe4+ 57. Kf3 Ra4 58.
Re8+ Kd6 59. Re4 1/2-1/2

[Event "DEM U12"]
[Site "Willingen"]
[Date "2006.06.03"]
[Round "1.29"]
[White "Mirke, Roy"]
[Black "Luther, Alexander"]
[Result "1-0"]
[WhiteElo "1557"]
[BlackElo "1248"]
[PlyCount "135"]
[EventDate "2006.??.??"]
[EventType "swiss"]
[EventRounds "11"]
[EventCountry "GER"]

1. d4 Nf6 2. Nf3 g6 3. c4 Bg7 4. Nc3 O-O 5. e4 d6 6. Be2 c5 7. d5 e6 8. O-O
Nbd7 9. dxe6 fxe6 10. Qxd6 Re8 11. Rd1 Qb6 12. Qxb6 Nxb6 13. Be3 Nbd7 14. Nd2
b6 15. Nb5 Re7 16. Nc3 Bb7 17. Bf3 Ne5 18. Be2 Rd8 19. f3 Nc6 20. Nb3 Red7 21.
Rxd7 Rxd7 22. Rd1 Rxd1+ 23. Bxd1 Nd7 24. Na4 Nce5 25. Be2 Bc6 26. Nc3 Nf7 27.
Nd1 Nd6 28. Kf2 Ne5 29. Nd2 Kf7 30. b3 a6 31. h3 Nd7 32. Bf4 e5 33. Be3 b5 34.
Nc3 b4 35. Nd5 a5 36. g4 h6 37. Kg3 g5 38. Nf1 Nf6 39. Nxf6 Bxf6 40. Bxc5 Nb7
41. Bf2 Kg6 42. Ne3 Nd8 43. Nd5 Ne6 44. Bb6 Bd8 45. Bxd8 Nxd8 46. Ne7+ Kf6 47.
Nxc6 Nxc6 48. Kf2 Nd4 49. Ke3 Ke6 50. Bd1 Kd6 51. Kd3 Kc5 52. Kd2 a4 53. bxa4
Kxc4 54. Be2+ Nxe2 55. Kxe2 Kc5 56. Kd3 Kb6 57. Kc4 Ka5 58. Kb3 Ka6 59. Kxb4
Kb6 60. a5+ Ka6 61. a3 Ka7 62. Kb5 Kb7 63. a6+ Ka7 64. a4 Ka8 65. Kb6 Kb8 66.
a7+ Ka8 67. Kc6 Kxa7 68. Kd5 1-0

[Event "DEM U12"]
[Site "Willingen"]
[Date "2006.06.03"]
[Round "1.31"]
[White "Titgemeyer, Sven"]
[Black "Kühnel, Lena"]
[Result "1/2-1/2"]
[WhiteElo "1557"]
[BlackElo "1243"]
[PlyCount "80"]
[EventDate "2006.??.??"]
[EventType "swiss"]
[EventRounds "11"]
[EventCountry "GER"]

1. e4 e5 2. Nf3 Nc6 3. Bc4 Nf6 4. d4 exd4 5. O-O d5 6. exd5 Nxd5 7. Re1+ Be7 8.
Nxd4 Nb6 9. Bb5 Bd7 10. Nxc6 bxc6 11. Bd3 O-O 12. Qh5 g6 13. Qf3 Bf6 14. Be4
Re8 15. Nc3 Rb8 16. Be3 Re6 17. Rad1 Qe8 18. Bd3 Rb7 19. Kf1 Bg7 20. Ne4 Na4
21. Nc5 Nxc5 22. Bxc5 Rxb2 23. Bc4 Rxc2 24. Bxe6 Bxe6 25. Bxa7 Rxa2 26. Be3 Bc3
27. Bg5 Bxe1 28. Rd8 Qxd8 29. Bxd8 Rxf2+ 30. Qxf2 Bxf2 31. Kxf2 c5 32. Bxc7 f5
33. Be5 c4 34. Ke3 h6 35. g3 g5 36. Kd4 Kf7 37. h3 h5 38. Bd6 g4 39. h4 Ke8 40.
Bf4 Kd7 1/2-1/2

[Event "DEM U12"]
[Site "Willingen"]
[Date "2006.06.03"]
[Round "1.32"]
[White "Kormann, Jewgenija"]
[Black "Babayev, Ramil"]
[Result "0-1"]
[WhiteElo "1236"]
[BlackElo "1553"]
[PlyCount "70"]
[EventDate "2006.??.??"]
[EventType "swiss"]
[EventRounds "11"]
[EventCountry "GER"]

1. e4 c5 2. Nc3 e6 3. Nf3 a6 4. a3 Nc6 5. Bc4 b5 6. Ba2 Qc7 7. d3 Nf6 8. h3 Bb7
9. Bg5 Be7 10. Qd2 d6 11. O-O O-O 12. Rfe1 Nd7 13. Bxe7 Nxe7 14. Rad1 Ne5 15.
Nxe5 dxe5 16. Ne2 Ng6 17. b3 Rad8 18. Qe3 Qc6 19. c4 Qd6 20. cxb5 axb5 21. g3
Rd7 22. Bb1 f5 23. Rc1 Rc7 24. Rc2 f4 25. Qc1 fxg3 26. Nxg3 Nf4 27. Rd2 Nxh3+
28. Kg2 Nf4+ 29. Kg1 Qe7 30. f3 Qh4 31. Rh2 Qxg3+ 32. Kh1 Qxf3+ 33. Kg1 Rf6 34.
Rf2 Rg6+ 35. Kf1 Qh1# 0-1

[Event "DEM U12"]
[Site "Willingen"]
[Date "2006.06.03"]
[Round "1.33"]
[White "Bading, Kenneth"]
[Black "Pohl, Theresa"]
[Result "1-0"]
[WhiteElo "1553"]
[BlackElo "1225"]
[PlyCount "107"]
[EventDate "2006.??.??"]
[EventType "swiss"]
[EventRounds "11"]
[EventCountry "GER"]

1. e4 e5 2. Nf3 Nc6 3. Bc4 Bc5 4. Nc3 Nf6 5. d3 h6 6. O-O O-O 7. Be3 Bb6 8. d4
d6 9. h3 Re8 10. Re1 a6 11. Qd2 Nh7 12. dxe5 Bxe3 13. Qxe3 Nxe5 14. Nxe5 Rxe5
15. f4 Re8 16. Qd4 Qh4 17. Rad1 Qxf4 18. Rf1 Qe5 19. Qxe5 Rxe5 20. Rxf7 Be6 21.
Bxe6 Rxe6 22. Rxc7 Rb8 23. Rd7 Nf6 24. R1xd6 Rxd6 25. Rxd6 Re8 26. Rb6 Re7 27.
Nd5 Nxd5 28. exd5 Rd7 29. c4 Kf7 30. Re6 g6 31. Kf2 h5 32. g3 a5 33. Ke3 Re7
34. Rxe7+ Kxe7 35. Kd4 Kd6 36. c5+ Kd7 37. Ke5 Ke7 38. b3 g5 39. a3 h4 40. g4
Kd7 41. b4 a4 42. b5 Ke7 43. c6 b6 44. d6+ Kd8 45. Ke6 Kc8 46. c7 Kb7 47. d7
Kxc7 48. Ke7 Kb7 49. d8=Q Ka7 50. Kd7 Kb7 51. Kd6 Ka7 52. Qe7+ Kb8 53. Kc6 Ka8
54. Qb7# 1-0

[Event "DEM U12"]
[Site "Willingen"]
[Date "2006.06.03"]
[Round "1.34"]
[White "Kneip, Jakob"]
[Black "Schindlbeck, Tobias"]
[Result "0-1"]
[WhiteElo "1204"]
[BlackElo "1551"]
[PlyCount "116"]
[EventDate "2006.??.??"]
[EventType "swiss"]
[EventRounds "11"]
[EventCountry "GER"]

1. e4 c5 2. Nf3 d6 3. d4 cxd4 4. Nxd4 Nf6 5. Nc3 g6 6. Bc4 Bg7 7. Be3 O-O 8.
Qd2 Ng4 9. h3 Nxe3 10. Qxe3 Nc6 11. Nf3 Bd7 12. O-O Rc8 13. Rab1 Qa5 14. Bd5 a6
15. a3 b5 16. Bxc6 Rxc6 17. Nd4 Rc4 18. Nb3 Qc7 19. Nd5 Qd8 20. Qd3 Be6 21. Ne3
Rc8 22. Nd5 f5 23. Ne3 Kh8 24. Nd4 Bc4 25. Nxc4 bxc4 26. Qe3 f4 27. Qd2 Qd7 28.
Nf3 c3 29. bxc3 Rxc3 30. Rb3 Rxb3 31. cxb3 Qe6 32. Qd3 Bf6 33. Rb1 g5 34. Nd2
g4 35. hxg4 Qxg4 36. Qxa6 Rg8 37. Qf1 f3 38. g3 Bd4 39. Kh2 Rg5 40. Nxf3 Qxf3
41. Qg2 Rh5+ 42. Kg1 Rh1+ 43. Kxh1 Qd3 44. Qf1 Qxe4+ 45. Kh2 Qf5 46. Kg2 Qe4+
47. Kh2 Qf5 48. Re1 e5 49. Qe2 e4 50. Rf1 d5 51. f3 e3 52. Kg2 Bb6 53. Qb2+ d4
54. Re1 Qd3 55. a4 Bc7 56. Re2 Ba5 57. Qc2 Qxc2 58. Rxc2 d3 0-1

[Event "DEM U12"]
[Site "Willingen"]
[Date "2006.06.03"]
[Round "1.35"]
[White "Hampel, Felix"]
[Black "Dittmann, Jan"]
[Result "1-0"]
[WhiteElo "1549"]
[BlackElo "1201"]
[PlyCount "67"]
[EventDate "2006.??.??"]
[EventType "swiss"]
[EventRounds "11"]
[EventCountry "GER"]

1. e4 c5 2. Nf3 d6 3. d4 cxd4 4. Nxd4 Nf6 5. Nc3 g6 6. Be3 Bg7 7. f3 O-O 8. Qd2
Nc6 9. O-O-O Nxd4 10. Bxd4 Be6 11. g4 Qa5 12. Kb1 Rfc8 13. h4 Rc7 14. Bd3 Rac8
15. a3 a6 16. Qe3 Rc6 17. h5 b5 18. h6 Bh8 19. g5 Ne8 20. Bxh8 Kxh8 21. Qd4+
Kg8 22. Nd5 Bxd5 23. exd5 R6c7 24. f4 Rb8 25. f5 Qb6 26. Qe4 b4 27. fxg6 bxa3
28. gxf7+ Kf8 29. fxe8=Q+ Kxe8 30. b3 Qc5 31. Rh3 a5 32. Qe6 Qf2 33. Qg8+ Kd7
34. Qxb8 1-0

[Event "DEM U12"]
[Site "Willingen"]
[Date "2006.06.03"]
[Round "1.36"]
[White "Bohrmann, Sandra"]
[Black "Gisy, Roberto"]
[Result "0-1"]
[WhiteElo "1110"]
[BlackElo "1540"]
[PlyCount "56"]
[EventDate "2006.??.??"]
[EventType "swiss"]
[EventRounds "11"]
[EventCountry "GER"]

1. e4 e5 2. Nf3 Nc6 3. d4 exd4 4. Nxd4 Qf6 5. Be3 Bc5 6. c3 Nge7 7. Bc4 O-O 8.
O-O Ne5 9. Nd2 Qg6 10. Be2 d6 11. Re1 Ng4 12. Bf3 Nxe3 13. Rxe3 Nc6 14. N2b3
Bb6 15. Re1 Ne5 16. Qd2 c5 17. Be2 cxd4 18. cxd4 Bh3 19. g3 Qxe4 20. f3 Nxf3+
21. Bxf3 Qxf3 22. Re3 Qf6 23. Rae1 Rac8 24. Qd3 Qg6 25. Qxg6 hxg6 26. R3e2 Be6
27. Rd2 Bxb3 28. axb3 Ba5 0-1

[Event "DEM U12"]
[Site "Willingen"]
[Date "2006.06.03"]
[Round "1.37"]
[White "Davydov, Ruven"]
[Black "Holzmann, Arthur"]
[Result "1-0"]
[WhiteElo "1532"]
[BlackElo "1099"]
[PlyCount "93"]
[EventDate "2006.??.??"]
[EventType "swiss"]
[EventRounds "11"]
[EventCountry "GER"]

1. d4 d5 2. c4 e6 3. Nc3 f5 4. e3 Nf6 5. Nf3 c6 6. Bd2 Bd6 7. Bd3 Ne4 8. c5 Bc7
9. Ne2 Nd7 10. Nf4 Ndf6 11. Ne2 Nxd2 12. Nxd2 Ba5 13. O-O O-O 14. Nf3 Ne4 15.
Bxe4 dxe4 16. Ne5 Bc7 17. Nc3 Rf6 18. Rc1 Rh6 19. Qe2 Qf6 20. f4 Qh4 21. h3 Qg3
22. Kh1 Bxe5 23. dxe5 b6 24. cxb6 axb6 25. Qf2 Qxf2 26. Rxf2 Rg6 27. Rd2 Bb7
28. Rcd1 h6 29. Rd8+ Rxd8 30. Rxd8+ Kh7 31. Rb8 Ba6 32. Kh2 Bf1 33. g3 h5 34.
h4 b5 35. Rb6 Bc4 36. Rxc6 Bd5 37. Rb6 Bc4 38. b3 Bd3 39. Nxb5 Bxb5 40. Rxb5
Rh6 41. a4 Kg6 42. Rb8 Kf7 43. a5 g6 44. a6 Kg7 45. a7 Rh8 46. a8=Q Rxb8 47.
Qxb8 1-0

[Event "DEM U12"]
[Site "Willingen"]
[Date "2006.06.03"]
[Round "1.38"]
[White "Rogasch, Miriam"]
[Black "Schmitz, Stefan"]
[Result "0-1"]
[WhiteElo "1085"]
[BlackElo "1526"]
[PlyCount "92"]
[EventDate "2006.??.??"]
[EventType "swiss"]
[EventRounds "11"]
[EventCountry "GER"]

1. e4 e5 2. Nf3 Nc6 3. Nc3 Nf6 4. Bb5 d6 5. d4 exd4 6. Nxd4 Bd7 7. Bg5 Be7 8.
O-O O-O 9. Nxc6 Bxc6 10. Bxc6 bxc6 11. Qf3 Rb8 12. b3 Nd7 13. Bxe7 Qxe7 14.
Rfe1 Rfe8 15. Rad1 d5 16. h3 Ne5 17. Qg3 dxe4 18. Rxe4 f6 19. f4 Qc5+ 20. Kh1
Ng6 21. Rc4 Qf5 22. Rxc6 Qxc2 23. Rxc7 Rbc8 24. Rdd7 Rxc7 25. Rxc7 a6 26. Ra7
Rc8 27. Nd5 Qd1+ 28. Kh2 Qxd5 29. Qg4 Ra8 30. Rd7 Qc6 31. h4 Rf8 32. Ra7 Qd6
33. h5 Qxf4+ 34. Qxf4 Nxf4 35. Rxa6 Nxh5 36. a4 Rb8 37. a5 Rxb3 38. Rb6 Ra3 39.
a6 Nf4 40. Rb8+ Kf7 41. Rb7+ Kg6 42. a7 Ne6 43. Rb6 Ng5 44. Rb7 Nf7 45. Rc7 Nd6
46. Rc6 Nb5 0-1

[Event "DEM U12"]
[Site "Willingen"]
[Date "2006.06.03"]
[Round "1.39"]
[White "Miller, Eduard"]
[Black "Marx, Inga"]
[Result "1-0"]
[WhiteElo "1525"]
[BlackElo "1078"]
[PlyCount "107"]
[EventDate "2006.??.??"]
[EventType "swiss"]
[EventRounds "11"]
[EventCountry "GER"]

1. e4 c6 2. d4 d5 3. exd5 cxd5 4. c4 e6 5. Nf3 Ne7 6. Nc3 Ng6 7. Be3 Qb6 8. Rb1
Bb4 9. a3 Bxc3+ 10. bxc3 Qc7 11. Qb3 Nf4 12. Ne5 dxc4 13. Qxc4 Qxc4 14. Nxc4
Nd5 15. Nd6+ Ke7 16. Nxc8+ Rxc8 17. Rxb7+ Ke8 18. Bb5+ Nc6 19. c4 Nc3 20. O-O
Nxb5 21. Rxb5 Ne7 22. c5 Nd5 23. Rb7 Nc3 24. g3 Rd8 25. Kg2 Ne2 26. Rd1 Nc3 27.
Rd3 Nd5 28. Rdb3 a5 29. Rb2 Nc3 30. Rc2 Nd5 31. c6 Rdc8 32. Bd2 Ne7 33. c7 Nf5
34. Bf4 Nxd4 35. Rcb2 Kd7 36. Rb8 Nc6 37. Rxa8 Rxa8 38. Rb8 Rxb8 39. cxb8=Q
Nxb8 40. Bxb8 Kc6 41. Kf3 Kd5 42. Ke3 f5 43. f4 g6 44. a4 Kc4 45. Bc7 Kb4 46.
Kd4 Kxa4 47. Ke5 Kb4 48. Kxe6 a4 49. Kf6 Kb3 50. Kg7 a3 51. Kxh7 a2 52. Be5 Kc2
53. Kxg6 Kd3 54. Kxf5 1-0

[Event "DEM U12"]
[Site "Willingen"]
[Date "2006.06.03"]
[Round "1.40"]
[White "Krtschil, Anna"]
[Black "Iwanziw, Niklas"]
[Result "0-1"]
[WhiteElo "1077"]
[BlackElo "1515"]
[PlyCount "118"]
[EventDate "2006.??.??"]
[EventType "swiss"]
[EventRounds "11"]
[EventCountry "GER"]

1. e4 c5 2. Nf3 d6 3. Bb5+ Bd7 4. Bxd7+ Qxd7 5. O-O Nc6 6. Qe2 g6 7. Rd1 Bg7 8.
c3 d5 9. e5 d4 10. d3 a6 11. Bf4 e6 12. Nbd2 Qc7 13. Nc4 Bf8 14. Qe4 dxc3 15.
bxc3 Rd8 16. d4 cxd4 17. cxd4 Na7 18. d5 exd5 19. Rxd5 Rxd5 20. Qxd5 Qc6 21.
Qxc6+ Nxc6 22. Re1 Bb4 23. Rb1 b5 24. Nd6+ Ke7 25. Ng5 Nh6 26. Rc1 Kd7 27.
Ngxf7 Nxf7 28. Nxf7 Rf8 29. Rd1+ Ke7 30. e6 Kxe6 31. Ng5+ Ke7 32. g3 h6 33. Ne4
g5 34. Bd6+ Bxd6 35. Rxd6 Nb4 36. Rxh6 a5 37. Nxg5 Nxa2 38. Re6+ Kd7 39. Re5
Nc3 40. Rc5 Rc8 41. Re5 b4 42. Ne4 Nxe4 43. Rxe4 b3 44. Re2 Rc2 45. Re1 b2 46.
Rd1+ Ke6 47. Re1+ Kf6 48. Rb1 Rc1+ 49. Rxc1 bxc1=Q+ 50. Kg2 a4 51. Kh3 Qf1+ 52.
Kg4 Qxf2 53. Kh3 a3 54. g4 Qf3+ 55. Kh4 a2 56. h3 Qf2+ 57. Kh5 a1=Q 58. g5+ Kf5
59. h4 Qh8# 0-1

[Event "DEM U12"]
[Site "Willingen"]
[Date "2006.06.03"]
[Round "1.41"]
[White "Marquardt, Patrick"]
[Black "Martens, Julian"]
[Result "1-0"]
[WhiteElo "1505"]
[BlackElo "1067"]
[PlyCount "47"]
[EventDate "2006.??.??"]
[EventType "swiss"]
[EventRounds "11"]
[EventCountry "GER"]

1. e4 e5 2. Nf3 Nc6 3. Bc4 Bc5 4. c3 Nf6 5. d4 exd4 6. cxd4 Bb4+ 7. Nc3 Nxe4 8.
O-O Bxc3 9. d5 Ne7 10. bxc3 d6 11. Qd4 Nf6 12. Bg5 Bg4 13. Bxf6 Bxf3 14. Bxe7
Kxe7 15. gxf3 Kf8 16. Rfe1 Qd7 17. Re4 Rg8 18. Rae1 Qf5 19. Qe3 Qd7 20. Re7 Qa4
21. Bb3 Qb5 22. Rxf7+ Kxf7 23. Qe6+ Kf8 24. Qe7# 1-0

[Event "DEM U12"]
[Site "Willingen"]
[Date "2006.06.03"]
[Round "1.42"]
[White "Brühan, Caren"]
[Black "Veit, Björn"]
[Result "0-1"]
[WhiteElo "1054"]
[BlackElo "1500"]
[PlyCount "112"]
[EventDate "2006.??.??"]
[EventType "swiss"]
[EventRounds "11"]
[EventCountry "GER"]

1. e4 e6 2. Nf3 d5 3. exd5 exd5 4. d4 c5 5. Bf4 Nc6 6. Bb5 Nf6 7. O-O Qb6 8.
Qe2+ Be6 9. Rd1 a6 10. Ba4 Qxb2 11. Nbd2 Qa3 12. Bxc6+ bxc6 13. Nb3 Be7 14. Qe3
Ne4 15. Ng5 cxd4 16. Nxd4 Qxe3 17. Bxe3 Nxg5 18. Nxc6 Bf6 19. Rac1 O-O 20. h4
Ne4 21. f3 Ng3 22. Kf2 Bxh4 23. Ke1 Nf5+ 24. Ke2 Nxe3 25. Kxe3 Bg5+ 26. f4 Bh6
27. g3 Rfe8 28. Kf3 Bf5 29. g4 Be4+ 30. Kg3 f6 31. Kh4 g5+ 32. Kh5 Bg7 33. fxg5
fxg5 34. Rd2 Bc3 35. Rf2 d4 36. Kxg5 Bxc6 37. Rb1 Be4 38. Rc1 Bf3 39. Rcf1 Be4
40. Rh2 Rf8 41. Rc1 Ba5 42. Rd1 Bc7 43. Rhd2 Bf4+ 44. Kh4 Bxd2 45. Rxd2 Rad8
46. a4 Rf6 47. a5 Rc6 48. c3 Rxc3 49. g5 d3 50. g6 hxg6 51. Rd1 d2 52. Rxd2
Rxd2 53. Kg5 Rf3 54. Kh6 g5 55. Kh5 Rg2 56. Kh6 Rh3# 0-1

[Event "DEM U12"]
[Site "Willingen"]
[Date "2006.06.03"]
[Round "1.43"]
[White "Schreiner, Till"]
[Black "Warmer, Marina"]
[Result "1/2-1/2"]
[WhiteElo "1499"]
[BlackElo "1036"]
[PlyCount "79"]
[EventDate "2006.??.??"]
[EventType "swiss"]
[EventRounds "11"]
[EventCountry "GER"]

1. d4 d5 2. c4 e6 3. Nc3 Nf6 4. Bg5 Nbd7 5. Nf3 c6 6. e3 Qa5 7. Qc2 Ne4 8. Bd3
Nxg5 9. Nxg5 dxc4 10. Bxc4 Qxg5 11. f4 Qd8 12. O-O Bd6 13. f5 Nb6 14. Bd3 Qc7
15. h3 Bd7 16. fxe6 Bxe6 17. Ne4 O-O-O 18. a4 g6 19. a5 Nd5 20. Qe2 a6 21. Rfc1
h6 22. Nxd6+ Qxd6 23. Qd2 Qb4 24. Qe2 Kc7 25. Rc4 Qd6 26. Rc2 Nb4 27. Rc3 Nxd3
28. Qxd3 Qb4 29. Qd2 c5 30. Rxc5+ Qxc5 31. Rc1 Qxc1+ 32. Qxc1+ Kb8 33. Qf1 Rc8
34. Qf4+ Ka7 35. d5 Bf5 36. e4 Bd7 37. Qxf7 Be8 38. Qg7 Bb5 39. Qxg6 Bd3 40.
Qb6+ 1/2-1/2

[Event "DEM U12"]
[Site "Willingen"]
[Date "2006.06.03"]
[Round "1.44"]
[White "Veelders, Wiebke"]
[Black "Lindner, Sebastian"]
[Result "0-1"]
[WhiteElo "997"]
[BlackElo "1496"]
[PlyCount "86"]
[EventDate "2006.??.??"]
[EventType "swiss"]
[EventRounds "11"]
[EventCountry "GER"]

1. e4 c5 2. Nc3 d6 3. f4 Nf6 4. Bc4 Bg4 5. Nf3 Nc6 6. O-O e6 7. d3 Nd4 8. h3
Bxf3 9. Rxf3 Nxf3+ 10. Qxf3 Qb6 11. f5 e5 12. Bg5 Qxb2 13. Rb1 Qxc3 14. Rxb7
Be7 15. Bb5+ Kf8 16. Qf2 Qa5 17. Qh4 Qd8 18. Bc6 Rc8 19. Bb5 Rc7 20. Rxc7 Qxc7
21. c3 d5 22. exd5 Nxd5 23. c4 Bxg5 24. Qxg5 Qe7 25. Qd2 Nf6 26. Qa5 g6 27.
fxg6 fxg6 28. Qa6 Kg7 29. Ba4 Rb8 30. Bb5 Rb6 31. Qa3 Nh5 32. Qc3 Nf4 33. Kh2
Ne2 34. Qb2 Nd4 35. a4 a6 36. a5 Rb8 37. Qc3 axb5 38. cxb5 Rxb5 39. Qa3 Qc7 40.
Qa4 e4+ 41. g3 Rb2+ 42. Kh1 Qf7 43. a6 Qf1# 0-1

[Event "DEM U12"]
[Site "Willingen"]
[Date "2006.06.03"]
[Round "1.45"]
[White "Rosenkranz, Christian"]
[Black "Günther, Elisabeth"]
[Result "1-0"]
[WhiteElo "1495"]
[BlackElo "969"]
[PlyCount "103"]
[EventDate "2006.??.??"]
[EventType "swiss"]
[EventRounds "11"]
[EventCountry "GER"]

1. e4 e5 2. Nf3 Nc6 3. Bc4 h6 4. O-O Nf6 5. Re1 Bc5 6. c3 O-O 7. d4 exd4 8.
cxd4 Bb4 9. Bd2 Bxd2 10. Nbxd2 d5 11. Bd3 Re8 12. e5 Nh5 13. Rc1 Nb4 14. Bb1 b6
15. a3 Na6 16. Bd3 Nb8 17. Qc2 Ba6 18. Bxa6 Nxa6 19. b4 Qd7 20. Qc6 Qxc6 21.
Rxc6 Rac8 22. Rec1 Re7 23. g3 g6 24. Nf1 Ng7 25. Ne3 Rd7 26. Ng4 Kh8 27. Nxh6
Re8 28. b5 Re6 29. Rxe6 Nxe6 30. bxa6 c5 31. Ng4 cxd4 32. Nf6 Rd8 33. Rd1 Kg7
34. Nxd4 Nxd4 35. Rxd4 Kf8 36. Rxd5 Rxd5 37. Nxd5 Ke8 38. Nc7+ Kd7 39. Nb5 Kc8
40. Nxa7+ Kb8 41. Nc6+ Kc7 42. a7 Kb7 43. a4 Kxc6 44. a8=Q+ Kc5 45. a5 bxa5 46.
Qxa5+ Kd4 47. Kg2 Ke4 48. f3+ Kf5 49. Qd5 Kg5 50. f4+ Kf5 51. Kf3 f6 52. g4#
1-0

[Event "DEM U12"]
[Site "Willingen"]
[Date "2006.06.03"]
[Round "1.46"]
[White "Seel, Eric"]
[Black "Thanabalasingam, Ajandhan"]
[Result "0-1"]
[WhiteElo "897"]
[BlackElo "1488"]
[PlyCount "76"]
[EventDate "2006.??.??"]
[EventType "swiss"]
[EventRounds "11"]
[EventCountry "GER"]

1. e4 e6 2. Nc3 d5 3. d3 d4 4. Nce2 c5 5. b3 Nc6 6. Bb2 Nge7 7. Nf3 g6 8. c3
Bg7 9. Qd2 O-O 10. g3 Qd7 11. Bg2 dxc3 12. Bxc3 Rd8 13. Rd1 b6 14. Bxg7 Kxg7
15. Qc3+ Kg8 16. d4 cxd4 17. Nexd4 e5 18. O-O exd4 19. Qc4 a5 20. Ng5 Rf8 21.
Rfe1 Ba6 22. Qc1 f6 23. Nf3 Rac8 24. Qb2 d3 25. Re3 Nb4 26. Bf1 Rfd8 27. a3 Nc2
28. Bxd3 Nxe3 29. Bc4+ N3d5 30. Rxd5 Nxd5 31. Bxd5+ Kg7 32. Qd2 Qh3 33. Qd1 Rc3
34. Nd4 Rd3 35. Ne6+ Qxe6 36. Qxd3 Bxd3 37. Bxe6 Bxe4 38. Kf1 Bf3 0-1

[Event "DEM U12"]
[Site "Willingen"]
[Date "2006.06.03"]
[Round "1.47"]
[White "Stark, Saskia"]
[Black "Marquardt, Annabelle"]
[Result "1-0"]
[WhiteElo "1484"]
[BlackElo "872"]
[PlyCount "35"]
[EventDate "2006.??.??"]
[EventType "swiss"]
[EventRounds "11"]
[EventCountry "GER"]

1. e4 c5 2. c3 Nc6 3. g3 g6 4. Bg2 Bg7 5. d3 Nf6 6. f4 d6 7. h3 e5 8. fxe5 Nxe5
9. Bg5 h6 10. Be3 Nc6 11. Nf3 O-O 12. Qd2 Kh7 13. g4 g5 14. h4 Nxg4 15. hxg5
Rh8 16. gxh6 Bxc3 17. Qxc3 Nxe3 18. Qg7# 1-0